[Event "7th Gibtelecom Masters"]
[Site "Caleta ENG"]
[Date "2009.02.05"]
[Round "10"]
[White "Chapman,T"]
[Black "Bruno,Fabi"]
[Result "0-1"]
[WhiteElo "2251"]
[BlackElo "2461"]

1.c4 e6 2.Nf3 d5 3.b3 c5 4.g3 Nc6 5.Bg2 Nf6 6.O-O Be7 7.e3 O-O 8.Bb2 d4 9.exd4 cxd4
10.Re1 Re8 11.d3 Bf8 12.Ba3 Rb8 13.Bxf8 Kxf8 14.a3 a5 15.Nbd2 h6 16.Qe2 Kg8
17.Ne5 Bd7 18.Nxd7 Qxd7 19.Reb1 Qd6 20.Rc1 Qc5 21.h3 Rec8 22.Ne4 Nxe4 23.Qxe4 Rc7
24.Qe1 Qf5 25.Qe4 g6 26.f4 Qc5 27.Kh2 Re7 28.Re1 Rbe8 29.h4 Kg7 30.Qf3 f5
31.Qf2 e5 32.Bxc6 bxc6 33.fxe5 Rxe5 34.b4 Qd6 35.c5 Qd5 36.Rxe5 Qxe5 37.Rc1 axb4
38.axb4 Kf6 39.Rc4 Qe3 40.Kg2 Qxf2+ 41.Kxf2 Ke5 42.Rc2 Kd5 43.Re2 Rb8 44.Re7 Rxb4
45.Rg7 Rb2+ 46.Ke1 Kxc5 47.Rxg6 Rg2 48.Rxh6 Rxg3 49.Kd2 Rg2+ 50.Ke1 Rh2 51.Rf6 Rxh4
52.Rxf5+ Kb4 53.Kd2 Rh2+ 54.Ke1 c5 55.Rg5 c4 56.dxc4 Kxc4 57.Rg1 d3  0-1

[Event "7th Gibtelecom Masters"]
[Site "Caleta ENG"]
[Date "2009.02.05"]
[Round "10"]
[White "Gavriel,T"]
[Black "Lyons,B"]
[Result "1-0"]
[WhiteElo "2161"]
[BlackElo "2060"]

1.c4 e6 2.Nf3 d5 3.e3 c5 4.d4 Nf6 5.Nc3 Nc6 6.a3 a6 7.dxc5 Bxc5 8.b4 Ba7
9.c5 b6 10.cxb6 Bxb6 11.Na4 Ba7 12.Bb2 Bb7 13.Rc1 O-O 14.Nc5 Bxc5 15.Rxc5 Ne4
16.Rc2 Qb6 17.Bd3 Rad8 18.O-O f6 19.Nd4 Ne5 20.Be2 Rc8 21.Bg4 f5 22.Rxc8 Bxc8
23.Be2 Ng6 24.g3 e5 25.Nb3 Be6 26.Bh5 f4 27.Bxg6 hxg6 28.exf4 exf4 29.Qd4 Qxd4
30.Bxd4 Bh3 31.Rc1 fxg3 32.hxg3 Bg4 33.Rc7 Nf6 34.Nc5 Re8 35.Kg2 Rf8 36.f4 Re8
37.Be5 d4 38.Bxd4 Re2+ 39.Kf1 Nh5 40.Bf2 Ra2 41.a4 Bd1 42.a5 Be2+ 43.Ke1 Bb5
44.Bd4 Re2+ 45.Kd1 Nxg3 46.Rxg7+ Kf8 47.Rxg6 Nh5 48.Be5 Rf2 49.Rg5 Rf1+ 50.Kd2 Rf2+
51.Ke3 Rh2 52.f5 Rh3+ 53.Kd4 Ke7 54.f6+ Kf7 55.Rf5 Ng3 56.Bxg3 Rxg3 57.Ne4 Rg6
58.Ke5 Bd3 59.Nd6+ Kf8 60.Rh5 Bc2 61.Rh8+ Rg8 62.Rxg8+ Kxg8 63.Ke6 Kf8 64.Kd7 Bd3
65.Kc7 Be2 66.Kb6 Bd3 67.b5 axb5 68.a6 Bf1 69.a7 Bg2 70.Nb7 Kf7 71.a8=Q Kxf6
72.Qf8+ Ke5 73.Qg7+  1-0

[Event "TCh-FIN"]
[Site "Finland FIN"]
[Date "2009.02.14"]
[Round "6"]
[White "Niemi,M"]
[Black "Salo,Ta"]
[Result "1/2-1/2"]
[WhiteElo "2214"]
[BlackElo "2298"]

1.c4 e6 2.Nf3 d5 3.d4 Nf6 4.g3 dxc4 5.Qa4+ c6 6.Qxc4 b5 7.Qc2 Bb7 8.Bg2 Nbd7
9.Nc3 c5 10.O-O b4 11.Na4 Rc8 12.dxc5 Nxc5 13.Nxc5 Bxc5 14.Qa4+ Bc6 15.Qa6 O-O
16.Ne1 Bxg2 17.Kxg2 Qd5+ 18.Kg1 Bb6 19.Nd3 Qe4 20.Bg5 Nd5 21.Ne1 h6 22.Bd2 Rfd8
23.e3 Nf6 24.Qe2 a5 25.Rc1 Rxc1 26.Bxc1 Qd5 27.b3 Ne4 28.Qc2 Nc3 29.Bb2 Qd2
30.Bxc3 bxc3 31.Qb1 Qe2 32.Qc1 Qd2 33.Nf3 Qe2 34.Ne1 Qd2 35.Nf3 Qe2 36.Ne1 Qd2
37.Nf3  1/2-1/2

[Event "It A"]
[Site "Nancy FRA"]
[Date "2009.02.18"]
[Round "4"]
[White "Bauer,Ch"]
[Black "Tregubov,P"]
[Result "1/2-1/2"]
[WhiteElo "2610"]
[BlackElo "2647"]

1.c4 e6 2.Nf3 d5 3.d4 c6 4.Qc2 dxc4 5.Qxc4 Nf6 6.Nbd2 b6 7.e4 Ba6 8.Qa4 Bxf1
9.Kxf1 Be7 10.g3 O-O 11.Kg2 Qd7 12.Qc4 Qb7 13.Re1 Nbd7 14.Nb3 c5 15.dxc5 Rfc8
16.Bg5 Nxc5 17.Bxf6 Bxf6 18.Qe2 Qa6 19.Nxc5 Qxe2 20.Rxe2 Rxc5 21.Rd1 Rac8
22.Rd7 R8c7 23.Red2 Kf8 24.Rxc7 Rxc7 25.e5 Be7 26.Nd4 Rc4 27.b3 Rc5 28.f4 Ke8
29.Kf3 Rc3+ 30.Ke2 Rc1 31.Rd1 Rxd1 32.Kxd1 Bc5 33.Nf3 Kd7 34.Kc2 f6 35.Kd3 Kc6
36.exf6 gxf6 37.Ke4 Kb5 38.f5 exf5+ 39.Kxf5 Kb4 40.Kxf6 Ka3 41.g4 h6 42.h4 Be3
43.g5 hxg5 44.hxg5 Bxg5+ 45.Kxg5 Kxa2 46.Nd4 a5  1/2-1/2

[Event "2nd Pfalz Open"]
[Site "Neustadt an der Weinstrasse GER"]
[Date "2009.02.22"]
[Round "9"]
[White "Kempinski,R"]
[Black "Luther,T"]
[Result "1-0"]
[WhiteElo "2584"]
[BlackElo "2536"]

1.c4 e6 2.Nf3 d5 3.e3 Nf6 4.Nc3 a6 5.d4 c5 6.cxd5 exd5 7.Bd3 c4 8.Bc2 b5
9.O-O Bb7 10.Ne5 Nbd7 11.f4 Be7 12.Qf3 Nb6 13.a3 Nc8 14.b3 Nd6 15.bxc4 dxc4
16.d5 O-O 17.e4 Re8 18.Be3 a5 19.Rad1 b4 20.Na4 Qc7 21.Bb6 Qb8 22.Bf2 Qc7
23.Rc1 c3 24.Rfe1 Nb5 25.Bb3 Nd6 26.Nc5 Bf8 27.Nxb7 Nxb7 28.Nc6 Bc5 29.e5 Bxf2+
30.Qxf2 Ng4 31.Qd4 a4 32.Bc4 Na5 33.axb4 Nxc6 34.dxc6 Red8 35.Qc5 a3 36.h3 Nh6
37.b5 Qa5 38.e6 fxe6 39.c7  1-0

[Event "TCh-AUT 2nd Bundesliga West 2008-9"]
[Site "Austria AUT"]
[Date "2009.03.06"]
[Round "9"]
[White "Bayer,Be"]
[Black "Dobosz,H"]
[Result "1/2-1/2"]
[WhiteElo "2381"]
[BlackElo "2426"]

1.c4 e6 2.Nf3 d5 3.g3 c6 4.b3 b5 5.Qc2 Nf6 6.Bg2 bxc4 7.bxc4 Ba6 8.d3 Nbd7
9.O-O Bc5 10.Nbd2 O-O 11.Bb2 Re8 12.Rab1 Bb6 13.Ne5 Bb7 14.Ndf3 Rc8 15.Qc3 c5
16.Nxd7 Qxd7 17.Ne5 Qe7 18.Qc2 Nd7 19.cxd5 exd5 20.Nc4 Rb8 21.Nxb6 axb6 22.e3 Qe6
23.Qc3 f6 24.d4 c4 25.Qc2 Bc6 26.Bc3 Ra8 27.Rfe1 Ra6 28.Rb2 f5 29.Qb1 Rb8
30.Rbe2 Nf6 31.f3 b5 32.Bb4 Ra4 33.a3 Rba8 34.Qb2  1/2-1/2

[Event "10th EICC"]
[Site "Budva MNE"]
[Date "2009.03.10"]
[Round "5"]
[White "Porat,I"]
[Black "Schartz,A"]
[Result "1-0"]
[WhiteElo "2353"]
[BlackElo "2202"]

1.c4 e6 2.Nf3 d5 3.g3 Nf6 4.Bg2 dxc4 5.Qa4+ Bd7 6.Qxc4 Bc6 7.O-O Nbd7 8.b4 Nb6
9.Qb3 Bd5 10.Qb2 Nc4 11.Qc2 Bd6 12.e4 Nxe4 13.d3 Qf6 14.dxc4 Qxa1 15.cxd5 exd5
16.Qb3 Qf6 17.Qxd5 Qe6 18.Qxb7  1-0

[Event "10th EICC"]
[Site "Budva MNE"]
[Date "2009.03.11"]
[Round "6"]
[White "Todorovic,GN"]
[Black "Todorovic,GM"]
[Result "1-0"]
[WhiteElo "2389"]
[BlackElo "2471"]

1.c4 e6 2.Nf3 d5 3.d4 Nf6 4.e3 c6 5.Nbd2 Nbd7 6.Bd3 Bd6 7.O-O O-O 8.e4 e5
9.cxd5 cxd5 10.exd5 exd4 11.Ne4 Nxe4 12.Bxe4 Nf6 13.Bg5 Be7 14.Bc2 Nxd5 15.Bxe7 Qxe7
16.Re1 Qf6 17.Qxd4 Qxd4 18.Nxd4 Rd8 19.Bb3 Kf8 20.Rac1 Bg4 21.h3 Bh5 22.Nb5 Nf6
23.Rc7 a6 24.Nc3 b5 25.g4 Bg6 26.f4 Ne8 27.Rce7 f5 28.gxf5 Bxf5 29.Nd5 Rd6
30.R1e5 Rc8  1-0

[Event "10th EICC w"]
[Site "St Petersburg RUS"]
[Date "2009.03.13"]
[Round "6"]
[White "Lomakina,G"]
[Black "Butuc,M"]
[Result "1-0"]
[WhiteElo "2058"]
[BlackElo "2182"]

1.c4 e6 2.Nf3 d5 3.b3 Nf6 4.Bb2 Be7 5.g3 O-O 6.Bg2 c5 7.e3 Nc6 8.O-O b6 9.d3 Bb7
10.Re1 Qc7 11.cxd5 Nxd5 12.e4 Nf6 13.e5 Nd5 14.a3 Rfd8 15.h4 Qd7 16.Ng5 h6
17.Ne4 Nd4 18.Nbd2 Qb5 19.Bxd4 cxd4 20.Nc4 Qd7 21.Qg4 Kh7 22.h5 Nc3 23.b4 Nxe4
24.Bxe4+ Bxe4 25.Rxe4 Rac8 26.Rf4 Bg5 27.Re4 Be7 28.Qf3 f5 29.exf6 Bxf6 30.Qg4 Rc6
31.b5 Rxc4 32.dxc4 e5 33.Qxd7 Rxd7 34.Rc1 Rc7 35.Kf1 Kg8 36.Ke2 Kf7 37.Kd3 Rc5
38.a4 a5 39.Rce1 g6 40.hxg6+ Kxg6 41.f4 exf4 42.Rxf4 Be5 43.Rfe4 Kf6 44.Rf1+ Kg6
45.Rg4+ Kh7 46.Rf7+ Kh8 47.Rb7 Bc7 48.Rxd4 h5 49.Rd7  1-0

[Event "FSIMA March"]
[Site "Budapest HUN"]
[Date "2009.03.14"]
[Round "8"]
[White "Sebestyen,Ba"]
[Black "Bach,Mat"]
[Result "0-1"]
[WhiteElo "2283"]
[BlackElo "2276"]

1.c4 e6 2.Nf3 d5 3.e3 c5 4.cxd5 exd5 5.Bb5+ Nc6 6.O-O Nf6 7.d4 Bd6 8.dxc5 Bxc5
9.Bd2 O-O 10.Qc2 Qe7 11.Rc1 Bd6 12.Bxc6 bxc6 13.Qxc6 Bg4 14.Nc3 Rad8 15.Nb5 Bxf3
16.gxf3 Bb8 17.Ba5 Rd7 18.Bc3 Nh5 19.Bb4 Qg5+ 20.Kf1 Rfd8 21.Ba5 h6 22.Bxd8 Rxd8
23.Nd4 Bxh2 24.Rd1 Qg1+ 25.Ke2 Qg2 26.Nf5 g6 27.Nxh6+ Kg7 28.Ng4 Ng3+ 29.Kd3 Ne4
30.Kd4 Rd6 31.Qc2 Qxf3 32.Nxh2 Qf6+ 33.Kd3 Rc6 34.Qxc6 Qxc6 35.Rac1 Qd6 36.Ng4 f5
37.f3 Nc5+ 38.Rxc5 Qxc5 39.Nf2 Qb5+ 40.Kc2 Qe2+ 41.Rd2 Qxe3  0-1

[Event "10th EICC"]
[Site "Budva MNE"]
[Date "2009.03.14"]
[Round "8"]
[White "Todorovic,GN"]
[Black "Kalezic,B"]
[Result "0-1"]
[WhiteElo "2389"]
[BlackElo "2460"]

1.c4 e6 2.Nf3 d5 3.g3 Nf6 4.Bg2 dxc4 5.Qa4+ c6 6.Qxc4 b5 7.Qc2 Bb7 8.Nc3 Nbd7
9.O-O Be7 10.d4 O-O 11.Bg5 Rc8 12.Rad1 h6 13.Bxf6 Nxf6 14.Ne5 Qc7 15.Qb1 Rfd8
16.b4 Nd5 17.Nxd5 cxd5 18.Nd3 Qc3 19.Nc5 Bxc5 20.dxc5 a5 21.Rd3 Qxb4 22.Rb3 Qa4
23.Rxb5 Ba6 24.Rb2 Rxc5 25.Rc1 Rxc1+ 26.Qxc1 Rc8 27.Qd2 Qc4 28.Bf3 a4 29.Kg2 Bb5
30.Qa5 Be8 31.Qa7 Qc5 32.Qa6 g5 33.Rb7 Qc4 34.Qa7 g4 35.Qe3 gxf3+ 36.exf3 Bb5
37.Kh3 Qd3 38.Qxh6 Qf5+ 39.Kg2 Bc6 40.Rb4 d4 41.Rxd4 Bxf3+  0-1

[Event "10th EICC"]
[Site "Budva MNE"]
[Date "2009.03.16"]
[Round "10"]
[White "Tomashevsky,E"]
[Black "Sjugirov,S"]
[Result "1-0"]
[WhiteElo "2664"]
[BlackElo "2562"]

1.c4 e6 2.Nf3 d5 3.g3 Nf6 4.Bg2 dxc4 5.O-O c6 6.a4 a5 7.Na3 Na6 8.Nxc4 Be7
9.d4 O-O 10.b3 Nb4 11.Nfe5 Qc7 12.Bb2 Rd8 13.e3 b6 14.Qe2 Bb7 15.Rfd1 Rac8
16.Rac1 Na2 17.Ra1 Nb4 18.Rd2 Na6 19.Rc1 c5 20.Rdd1 Bxg2 21.Kxg2 cxd4 22.Bxd4 Nc5
23.Qf3 Rd5 24.e4 Rdd8 25.Bxc5 Bxc5 26.Nd3 Qc6 27.e5 Qxf3+ 28.Kxf3 Nd7 29.Nxc5 Rxc5
30.Ke2 Kf8 31.Rd6 Rd5 32.Rd1 Rxd1 33.Kxd1 Ke7 34.f4 Rb8 35.Kc2 f6 36.exf6+ gxf6
37.Rc6 b5 38.axb5 Rxb5 39.Rc7 e5 40.fxe5 fxe5 41.Ra7 e4 42.Kc3 h5 43.Rxa5 Rxa5
44.Nxa5 Ne5 45.Kd4 Nf3+ 46.Kxe4 Nxh2 47.Nc4 Kd7 48.Kf4 Kc6 49.Nd2 Kc5 50.Kg5 Kb4
51.Kxh5 Kc3 52.g4 Kxd2 53.g5  1-0

[Event "10th EICC w"]
[Site "St Petersburg RUS"]
[Date "2009.03.18"]
[Round "10"]
[White "Shumiakina,T"]
[Black "Zhukova,N"]
[Result "1/2-1/2"]
[WhiteElo "2324"]
[BlackElo "2490"]

1.c4 e6 2.Nf3 d5 3.g3 Nf6 4.Bg2 dxc4 5.Qa4+ c6 6.Qxc4 b5 7.Qb3 Bb7 8.d4 Nbd7
9.O-O a6 10.a4 c5 11.axb5 Bd5 12.Qc2 Be4 13.Qb3 Bd5 14.Qc2 Be4 15.Qb3  1/2-1/2

[Event "Tancats de la Societat Coral C MC"]
[Site "Sabadell ESP"]
[Date "2009.03.20"]
[Round "9"]
[White "Moles Palleja,P"]
[Black "Gallego Montes,A"]
[Result "1/2-1/2"]
[WhiteElo "2179"]
[BlackElo "2003"]

1.Nf3 e6 2.c4 d5 3.b3 c6 4.g3 f5 5.Bg2 Nf6 6.O-O Bd6 7.Bb2 O-O 8.d3 Qe7 9.Nc3 Rd8
10.Qc2 Bd7 11.e4 dxe4 12.dxe4 Bc5 13.Rae1 Qf8 14.Ne5 f4 15.gxf4 Nh5 16.Ne2 Nxf4
17.Nxf4 Qxf4 18.Qc1 Qxc1 19.Rxc1 Be8 20.Rfd1 Nd7 21.Nd3 Bh5  1/2-1/2

[Event "47th Doeberl Cup Premier"]
[Site "Canberra AUS"]
[Date "2009.04.10"]
[Round "3"]
[White "Hu,J"]
[Black "Holland,D"]
[Result "1-0"]
[WhiteElo "2196"]
[BlackElo "1963"]

1.c4 e6 2.Nf3 d5 3.g3 c6 4.Bg2 Nf6 5.O-O Bd6 6.Qc2 Nbd7 7.b3 Qe7 8.d3 O-O
9.e4 dxe4 10.dxe4 e5 11.Bb2 Re8 12.Rd1 Nc5 13.Nc3 Bg4 14.h3 Bxf3 15.Bxf3 Ne6
16.Ne2 Rad8 17.h4 h6 18.Rd2 Bc7 19.Rad1 Rxd2 20.Rxd2 Rd8 21.Qd1 Rxd2 22.Qxd2 Qd6
23.Qxd6 Bxd6 24.Bg2 Nc5 25.f4 Nd3 26.fxe5 Nxe5 27.Bd4 c5 28.Bxe5 Bxe5 29.Kf2 g5
30.Ke3 Nh5 31.Kf3 Kg7 32.Bh3 Nf6 33.Bc8 b6 34.hxg5 hxg5 35.Nc1 Ne8 36.Nd3 Kf6
37.Bb7 Nd6 38.Bd5 Bd4 39.Kg4 Kg6 40.e5 f5+ 41.exf6 Kxf6 42.Ne1 Nf5 43.Kf3 Nd6
44.Nc2 Bc3 45.Ne3 Bd4 46.Nc2 Bc3 47.g4 Ke5 48.Ke3 Kf6 49.Kd3 Be5 50.a3 Bf4
51.b4 Ke5 52.bxc5 bxc5 53.a4 Kf6 54.Na1 Bh2 55.Nb3 Bg1 56.Na5 Nc8 57.Nc6 Ne7
58.Nb8 Nxd5 59.cxd5 Ke5 60.Kc4 Kd6 61.Nc6 a6 62.Nb8 Kc7 63.Nxa6+ Kb6 64.Nb8 Kc7
65.Nc6 Kd6 66.Nd8 Be3 67.Ne6  1-0

[Event "11th European Senior Team"]
[Site "Velden AUT"]
[Date "2009.04.10"]
[Round "6"]
[White "Ohrn,S"]
[Black "Bjorgvik,J"]
[Result "1/2-1/2"]
[WhiteElo "2008"]
[BlackElo "1946"]

1.c4 e6 2.Nf3 d5 3.g3 Nf6 4.Bg2 c6 5.Qc2 Be7 6.O-O O-O 7.b3 b6 8.Bb2 Bb7
9.d3 Nbd7 10.e3 Rc8 11.Nbd2 Qc7 12.a3 Rfd8 13.Bc3 Qd6 14.Qb2 dxc4 15.dxc4 c5
16.Rfd1 Qc7 17.Ne5 Bxg2 18.Kxg2 Ne8 19.Ndf3 Bf6 20.Ng4 Bxc3 21.Qxc3 Ndf6
22.Nxf6+ Nxf6 23.Kf1 Qc6 24.Ke2 h6 25.h4 Ne4 26.Qc2 f6 27.Rd3 Kf7 28.Rad1 Ke7
29.Rxd8 Rxd8 30.Rxd8 Kxd8 31.Nd2 Nxd2  1/2-1/2

[Event "FIDE Open"]
[Site "Ostrava CZE"]
[Date "2009.05.04"]
[Round "3"]
[White "Strebkovs,A"]
[Black "Dziuba,M"]
[Result "1/2-1/2"]
[WhiteElo "2420"]
[BlackElo "2535"]

1.c4 e6 2.Nf3 d5 3.g3 Nf6 4.Bg2 Be7 5.O-O O-O 6.b3 a5 7.Bb2 a4 8.d3 a3 9.Bc3 Nc6
10.e3 b6 11.Qe2 Bb7 12.Nbd2 Bb4 13.Bxb4 Nxb4 14.Rfd1 Qe7 15.d4 c5 16.Nf1 Rfd8
17.Rac1 Rac8 18.Ne5 Ba6 19.dxc5 Rxc5 20.Nd3 Nxd3 21.Qxd3 Rdc8 22.b4 Bxc4
23.Qxa3 R5c7 24.Qb2 b5 25.a3 h6 26.Nd2 Nd7 27.e4 Nb6 28.Re1 Na4 29.Qe5 f6
30.Qa1 dxe4 31.Nxe4 Bd5 32.Rxc7 Rxc7 33.Qd4 Rc4 34.Qd3 Qf8 35.Nd2 Rc3 36.Qxb5 Bxg2
37.Kxg2 Qa8+ 38.Kg1 e5 39.Nc4 Rc2 40.Ne3 Rc8 41.Qd5+ Qxd5 42.Nxd5 Kf7 43.Kf1 Ke6
44.Nf4+ Kf5 45.Nd5 Ke6 46.Nf4+ Kf5 47.Nd5 Ke6 48.Nf4+ Kf5 49.Ne2 Rc2 50.Rc1 Ra2
51.Rc7 g5 52.Ra7 Ra1+ 53.Kg2 Rxa3 54.b5  1/2-1/2

[Event "4NCL 2008-9"]
[Site "Staverton ENG"]
[Date "2009.05.04"]
[Round "11"]
[White "Lock,G"]
[Black "Harakis,A"]
[Result "0-1"]
[WhiteElo "2227"]
[BlackElo "2248"]

1.c4 e6 2.Nf3 d5 3.d4 c6 4.Bg5 Qa5+ 5.Nbd2 f6 6.Bf4 g5 7.Bg3 dxc4 8.e3 b5
9.h4 g4 10.Ne5 Nd7 11.Nxg4 Bb7 12.Nh2 Ne7 13.Be2 O-O-O 14.a4 Qb6 15.Nhf3 Nf5
16.Bh2 a6 17.Qc2 Bb4 18.O-O Rhg8 19.b3 Bxd2 20.Qxd2 cxb3 21.e4 Nxd4 22.Nxd4 Ne5
23.axb5 Rxd4 24.Qc3 axb5 25.Qxb3 c5 26.Qxb5 Qxb5 27.Bxb5 Bxe4 28.Bg3 Rd2
29.Rfc1 Rxg3 30.fxg3 Bxg2 31.Rxc5+ Kd8 32.Rxe5 fxe5 33.Re1 Bd5 34.Rxe5 Rg2+
35.Kf1 Rxg3 36.Be2 Ke7 37.Kf2 Rg2+ 38.Ke3 Kf6 39.Rh5 Kg6 40.Re5 h6 41.Kf4 Rf2+
42.Kg3 Rf8 43.Bg4 Kf6 44.Rh5 Rh8 45.Kf4 Rh7 46.Be2 Rf7 47.Bg4 Kg6+ 48.Kg3 Rg7
49.Kf4 Ra7 50.Re5 Ra4+ 51.Kg3 Ra6 52.Kf4 Kf6 53.Rh5 Ra4+ 54.Kg3 Ra3+ 55.Kf2 Ra2+
56.Ke3 Ra3+ 57.Kf2 Kg6 58.Re5 Ra6 59.Kg3 Rd6 60.Kf4 Rc6 61.Kg3 Bb3 62.Kf4 Kf6
63.Re3 Bd5 64.Ra3 Rc4+ 65.Kg3 Rc2 66.Ra6 Ke5 67.Ra7 Rc3+ 68.Kf2 Kf4 69.Be2 Rh3
70.Ra4+ Be4 71.Bg4 Rh2+ 72.Ke1 Ke3 73.Ra3+ Bd3 74.Bf3 e5 75.Ra1  0-1

[Event "CICC Open"]
[Site "Calgary CAN"]
[Date "2009.05.16"]
[Round "4"]
[White "Kaminski,V"]
[Black "Donaldson,J"]
[Result "1-0"]
[WhiteElo "2244"]
[BlackElo "2409"]

1.c4 e6 2.Nf3 d5 3.d4 c6 4.cxd5 exd5 5.Nc3 Nf6 6.Bg5 Be7 7.Qc2 g6 8.e3 Bf5
9.Bd3 Bxd3 10.Qxd3 Nbd7 11.O-O O-O 12.Nd2 Re8 13.Rfc1 Ne4 14.Bxe7 Qxe7 15.Ndxe4 dxe4
16.Qc4 Nb6 17.Qb3 Rad8 18.a4 Nd5 19.Nxd5 Rxd5 20.Rc4 a5 21.Rac1 Red8 22.h3 Rf5
23.Rc5 Rdd5 24.Rxd5 Rxd5 25.Qb6 h5 26.Rc5 Rxc5 27.dxc5 Qe5 28.Qxa5 Qxb2 29.Qd8+ Kh7
30.Qd4 Qc1+ 31.Kh2 Qc2 32.Kg1 Qc1+ 33.Kh2 Qc2 34.Qb4 Kg8 35.a5 Kg7 36.Qxb7 Qxc5
37.Qb2+ Kh7 38.a6 Qd6+ 39.Kg1 Qd1+ 40.Kh2 Qd6+ 41.g3 h4 42.a7 hxg3+ 43.fxg3 Qd8
44.Qa2 Qa8 45.Qxf7+  1-0

[Event "VI Moncada Open"]
[Site "Santiago de Cuba CUB"]
[Date "2009.05.22"]
[Round "6"]
[White "Lucena,L"]
[Black "Garcia Martinez,O"]
[Result "0-1"]
[WhiteElo "2206"]
[BlackElo "1883"]

1.c4 e6 2.Nf3 d5 3.d4 Nf6 4.Nc3 Be7 5.Bg5 h6 6.Bxf6 Bxf6 7.cxd5 exd5 8.b4 O-O
9.e3 c6 10.Qd2 Bg4 11.Be2 Nd7 12.O-O b5 13.a4 a6 14.a5 Be7 15.Rab1 Bd6 16.Ne1 Bf5
17.Bd3 Be6 18.Ne2 Nf6 19.f3 Nh5 20.g3 Re8 21.Ng2 Bh3 22.Rfe1 Qg5 23.Nef4 Nxf4
24.Nxf4 Bd7 25.e4 dxe4 26.fxe4 Rad8 27.e5 Bb8 28.Qf2 Ba7 29.h4 Qe7 30.Kh2 Bg4
31.Qc2 Rxd4 32.e6 f5 33.Rf1 Red8 34.Rb2 Bb8 35.Ng6 Qxe6 36.Bxf5 Qe3 37.Qf2 Rd2
38.Ne7+ Qxe7 39.Rxd2 Rxd2 40.Qxd2 Qxh4+ 41.Kg1 Ba7+  0-1

[Event "Subic Open"]
[Site "Subic PHI"]
[Date "2009.05.28"]
[Round "5"]
[White "Murshed,N"]
[Black "Dimakiling,O"]
[Result "1-0"]
[WhiteElo "2407"]
[BlackElo "2426"]

1.c4 e6 2.Nf3 d5 3.d4 Nf6 4.g3 a6 5.Bg2 dxc4 6.O-O Nc6 7.Nc3 Be7 8.Qa4 O-O
9.Qxc4 Na5 10.Qa4 c6 11.Ne5 b5 12.Qc2 Bb7 13.Rd1 Qb6 14.Ne4 Rad8 15.Be3 Nd5
16.Bd2 b4 17.Nc5 Bc8 18.Be1 f5 19.Rac1 Bg5 20.Bd2 Bf6 21.Nc4 Nxc4 22.Qxc4 a5
23.Bf4 Qa7 24.e3 g5 25.Be5 Nb6 26.Qb3 Bxe5 27.dxe5 Rxd1+ 28.Rxd1 Nd5 29.Qc4 f4
30.exf4 gxf4 31.Qd4 Qg7 32.Re1 h5 33.Nd3 f3 34.Bh3 Qg6 35.Nc5 Rf4 36.Ne4 Rf8
37.Bf1 Qg5 38.Qd1  1-0

[Event "TOP 16 Poule Haute"]
[Site "Le Port Marly FRA"]
[Date "2009.05.29"]
[Round "9"]
[White "Aguettaz,M"]
[Black "Flear,G"]
[Result "0-1"]
[WhiteElo "2396"]
[BlackElo "2485"]

1.c4 e6 2.Nf3 d5 3.d4 Nf6 4.Nc3 c6 5.cxd5 exd5 6.Bg5 Be7 7.e3 Bf5 8.Bd3 Bxd3
9.Qxd3 Nbd7 10.O-O O-O 11.Rab1 a5 12.h3 Ne8 13.Bxe7 Qxe7 14.Rfc1 Nd6 15.Nd2 Rfe8
16.Na4 Qh4 17.Nc5 Nxc5 18.Rxc5 Re6 19.Nf3 Qe7 20.Ne5 f6 21.Nf3 Nc4 22.b3 Nd6
23.Nd2 f5 24.Nf3 Ne4 25.Rc2 Rf8 26.Ne5 f4 27.exf4 Rxf4 28.g3 Rf8 29.Rf1 Ref6
30.f4 g5 31.Ng4 Rd6 32.f5 h5 33.Ne5 Qh7 34.Ng6 Re8 35.Re2 Rf6 36.Qf3 Kg7
37.Kg2 Kh6 38.h4 Qc7 39.Qe3 Qxg3+ 40.Qxg3 Nxg3 41.Rxe8 Nxf1 42.Ne7 Ne3+ 43.Kh1 Rf7
44.f6 gxh4  0-1

[Event "Subic Open"]
[Site "Subic PHI"]
[Date "2009.05.29"]
[Round "7"]
[White "Florendo,P"]
[Black "Castellano,Christo"]
[Result "1-0"]
[WhiteElo "2257"]
[BlackElo "2295"]

1.c4 e6 2.Nf3 d5 3.cxd5 exd5 4.d4 c6 5.Nc3 Be7 6.Qc2 Nf6 7.Bf4 O-O 8.e3 Re8
9.Bd3 Nbd7 10.O-O Nf8 11.Rab1 Nh5 12.Bg3 Nxg3 13.hxg3 Bd6 14.b4 a6 15.a4 Bd7
16.Rfc1 Rc8 17.Qb3 Qe7 18.Ne2 b5 19.a5 g5 20.Nd2 Be6 21.Qc3 f5 22.g4 fxg4
23.e4 Bf4 24.e5 Qf7 25.Rc2 g3 26.Nxg3 Ng6 27.Nh5 g4 28.Nf6+ Kh8 29.Nxe8 Qxe8
30.g3 Bh6 31.Nb3 Nf4 32.gxf4 c5 33.bxc5 Bxf4 34.Kg2 Qc6 35.Rh1 Rc7 36.Re2 Rg7
37.Qc2 h6 38.Bf5 g3 39.f3 Bg8 40.Nc1 Rg5 41.Na2 Qe8 42.e6 Rh5 43.Rxh5 Qxh5
44.Bh3 Bh7 45.Qd1 Bf5 46.Qh1 Bd3 47.Re1 Be4 48.Bg4 Qxg4 49.Rxe4  1-0

[Event "TOP 16 Poule Haute"]
[Site "Le Port Marly FRA"]
[Date "2009.05.31"]
[Round "11"]
[White "Chuchelov,V"]
[Black "Flear,G"]
[Result "0-1"]
[WhiteElo "2575"]
[BlackElo "2485"]

1.c4 e6 2.Nf3 d5 3.d4 Nf6 4.Nc3 c6 5.Bg5 Nbd7 6.cxd5 exd5 7.e3 Be7 8.Bd3 O-O
9.Qc2 Re8 10.h3 Nf8 11.Bf4 Be6 12.O-O Bd6 13.Bxd6 Qxd6 14.Rab1 a5 15.a3 N6d7
16.Rfe1 h6 17.Na4 Rec8 18.Rbc1 b6 19.e4 dxe4 20.Bxe4 Bd5 21.Ne5 Nxe5 22.dxe5 Qd8
23.Red1 Ne6 24.Qe2 Rab8 25.Qe3 Qh4 26.Bxd5 cxd5 27.Rxc8+ Rxc8 28.Nxb6 d4
29.Qf3 Rc2 30.Qa8+ Kh7 31.g3 Qh5 32.g4 Qxh3 33.Qe4+ g6 34.Qxc2 Nf4 35.Qe4 Qxg4+
36.Kh2 Qh4+ 37.Kg1 Nh3+  0-1

[Event "Copper State Int"]
[Site "Mesa USA"]
[Date "2009.05.31"]
[Round "4"]
[White "Izoria,Z"]
[Black "Lenderman,A"]
[Result "0-1"]
[WhiteElo "2619"]
[BlackElo "2434"]

1.c4 e6 2.Nf3 d5 3.d4 Nf6 4.g3 Bb4+ 5.Bd2 Be7 6.Bg2 O-O 7.O-O b6 8.cxd5 exd5
9.Nc3 Bb7 10.Bf4 c6 11.Qc2 Re8 12.Rad1 Nbd7 13.Ne5 Nf8 14.Bg5 N6d7 15.Bxe7 Qxe7
16.Nxd7 Nxd7 17.e4 dxe4 18.Nxe4 Nf6 19.Rfe1 Nd5 20.h4 Qd7 21.a3 Re7 22.Ng5 Rxe1+
23.Rxe1 Nf6 24.Nf3 Rc8 25.Qa4 a6 26.Ne5 Qc7 27.Rc1 c5 28.Bxb7 Qxb7 29.dxc5 Rxc5
30.Rxc5 bxc5 31.Qc4 h6 32.Nd3 Nd7 33.Nxc5 Nxc5 34.Qxc5 Qxb2 35.Qc8+ Kh7 36.Qf5+ Kg8
37.Qc8+ Kh7 38.Qxa6 Qc2 39.Qa7 f5 40.Qe3 Qa4 41.Qd3 Kh8 42.Kh2 f4 43.g4 Qa7
44.Qd8+ Kh7 45.Qd3+ Kh8 46.Kg2 Qe7 47.h5 Qb7+ 48.Qf3 Qa6 49.Kg1 Qc4 50.Qa8+ Kh7
51.Qf8 Qc1+ 52.Kh2 Qc3 53.Qf5+ Kh8 54.Qf8+ Kh7 55.a4 Qf3 56.Qf5+ Kh8 57.Qf8+ Kh7
58.Qf5+ Kh8 59.Qc8+ Kh7 60.Qc2+ Kh8  0-1

[Event "XXXI Nezhmetdinov Mem"]
[Site "Kazan RUS"]
[Date "2009.06.05"]
[Round "6"]
[White "Sidorov,A"]
[Black "Fedoseev,Vl1"]
[Result "1-0"]
[WhiteElo "2404"]
[BlackElo "2203"]

1.c4 e6 2.Nf3 d5 3.e3 Nf6 4.b3 c5 5.Bb2 Nc6 6.cxd5 exd5 7.d4 cxd4 8.Nxd4 Bb4+
9.Bc3 Qa5 10.Qd2 Nxd4 11.Qxd4 Bxc3+ 12.Nxc3 O-O 13.Be2 Be6 14.b4 Qb6 15.Nb5 Rfc8
16.O-O Rc2 17.Bd3 Qxd4 18.Nxd4 Rd2 19.Rfd1 Rxd1+ 20.Rxd1 Rc8 21.Kf1 Kf8 22.Ke2 Ke7
23.f3 Nd7 24.Kd2 Ne5 25.a3 h6 26.h4 Bd7 27.Rg1 b6 28.Rh1 a5 29.bxa5 bxa5
30.Rb1 g6 31.Be2 f5 32.Rb6 Nc6 33.Ra6 g5 34.hxg5 hxg5 35.Nxc6+ Bxc6 36.Rxa5 f4
37.Ra6 Kd7 38.Bd3 Rb8 39.exf4 gxf4 40.Kc3 Rg8 41.Bf1 Re8 42.Kd4 Re1 43.Bd3 Kc7
44.Ra7+ Kb6 45.Rf7 Ra1 46.Rxf4 Rxa3 47.g4 Ra4+ 48.Ke5 Ra3 49.Rd4 Kc5 50.g5 Ra8
51.Rg4 d4 52.f4 Re8+ 53.Kf6 Re3 54.g6 Kd6 55.Bc4 d3 56.g7 d2 57.g8=Q d1=Q
58.Qd8+ Bd7 59.Qb6+ Bc6 60.Qxe3 Qxg4 61.Qe7+  1-0

[Event "National Open"]
[Site "Las Vegas USA"]
[Date "2009.06.05"]
[Round "2"]
[White "Terrie,H"]
[Black "Yang,Dar"]
[Result "1/2-1/2"]
[WhiteElo "2089"]
[BlackElo "2231"]

1.c4 e6 2.Nf3 d5 3.d4 c6 4.Qc2 Nf6 5.g3 Nbd7 6.Bg2 Be7 7.O-O O-O 8.Nbd2 b6
9.e4 Bb7 10.b3 Rc8 11.Bb2 Qc7 12.e5 Ne8 13.cxd5 cxd5 14.Qxc7 Nxc7 15.Rfc1 Ba6
16.Bf1 Bxf1 17.Kxf1 Nb5 18.a4 Nc7 19.Rc2 Na6 20.Rac1 Rxc2 21.Rxc2 Ra8 22.Nb1 Kf8
23.Ba3 h6 24.Bxe7+ Kxe7 25.Na3 Nb4 26.Rc3 a6 27.Nc2 Nxc2 28.Rxc2 Kd8 29.Ke2 Nb8
30.Kd3 Kd7 31.Kc3 Nc6 32.b4 b5 33.Ra2 Rc8 34.Kb3 Rb8 35.Kc3 a5 36.bxa5 b4+
37.Kd3 Nxa5 38.Nd2 g5 39.h3 h5 40.Rb2 Rb6 41.Nb3 Nxb3 42.Rxb3 Kc6 43.Kc2  1/2-1/2

[Event "XXXI Nezhmetdinov Mem"]
[Site "Kazan RUS"]
[Date "2009.06.07"]
[Round "8"]
[White "Arzamastsev,A"]
[Black "Protsenko,E"]
[Result "1/2-1/2"]
[WhiteElo "2186"]
[BlackElo "1898"]

1.Nf3 e6 2.c4 d5 3.d4 Nf6 4.g3 Nbd7 5.Bg2 b6 6.Qa4 Bb7 7.Ne5 c5 8.dxc5 Bxc5
9.Nc3 Bd4 10.Nxd7 Bxc3+ 11.bxc3 Qxd7 12.Qxd7+ Nxd7 13.O-O O-O 14.cxd5 Bxd5
15.Bxd5 exd5 16.Rd1 Nf6 17.Be3 Rac8 18.Bd4 Ne4 19.Rd3 h6 20.a4 Nc5 21.Bxc5 Rxc5
22.Rad1 Ra5 23.Rd4 Rc8 24.R1d3 Kh7 25.e4 dxe4 26.Rxe4 Rc7 27.Rb4 Rac5 28.Rb3 Rc4
29.Ra3 f6 30.a5 bxa5  1/2-1/2

[Event "TCh-BUL"]
[Site "Sunny Beach BUL"]
[Date "2009.06.11"]
[Round "4"]
[White "Kozhuharov,S"]
[Black "Velchev,H"]
[Result "1-0"]
[WhiteElo "2397"]
[BlackElo "2284"]

1.c4 e6 2.Nf3 d5 3.d4 c5 4.cxd5 exd5 5.g3 Nc6 6.Bg2 Nf6 7.O-O Be7 8.Nc3 O-O
9.b3 Bg4 10.dxc5 Bxc5 11.Bb2 a6 12.h3 Be6 13.e3 Ba7 14.Ne2 Ne4 15.Nfd4 Nxd4
16.Bxd4 Bb8 17.Rc1 Qd7 18.Kh2 Re8 19.Nc3 Bf5 20.Na4 Qd6 21.Qf3 Be6 22.Rc2 b5
23.Nc5 Nxc5 24.Bxc5 Qe5 25.Bd4 Qg5 26.Rfc1 h5 27.Kg1 Bd6 28.Rc6 Ba3 29.R1c2 Bf8
30.h4 Qg6 31.Kh2 a5 32.Qf4 Red8 33.Bf3 Qf5 34.Bb6 Qxf4 35.gxf4 Rd7 36.Bxh5 a4
37.bxa4 Rxa4 38.Be2 Rb4 39.Rc8 Bf5 40.R2c5  1-0

[Event "13th Open"]
[Site "Voronezh RUS"]
[Date "2009.06.15"]
[Round "4"]
[White "Neshkov,V"]
[Black "Terentiev,V1"]
[Result "1/2-1/2"]
[WhiteElo "2186"]
[BlackElo "2301"]

1.c4 e6 2.Nf3 d5 3.g3 dxc4 4.a4 Nc6 5.Bg2 Na5 6.Na3 Nf6 7.O-O Qd5 8.Qc2 Bd6
9.Rd1 Nb3 10.Rb1 Bxa3 11.bxa3 Bd7 12.Bb2 Bxa4 13.Bxf6 gxf6 14.Qc3 e5 15.Ng5 Qa5
16.Ne4 Qxc3 17.Nxf6+ Kf8 18.dxc3 Kg7 19.Ng4 Rad8 20.Rxd8 Rxd8 21.Bxb7 Nc5
22.Bg2 Bb3 23.Ne3 Na4  1/2-1/2